Vainqueurs de Grand Chelem féminin - Mort subite - Statistiques

Statistiques générales
  • Ce quiz a été pris 137 fois
  • Le résultat moyen est 17 sur 33
Answers on the Grid
Answers color-coded by a green-red scale on the quiz's grid according to % correct below.
Agnieszka Radwanska
Alizé Cornet
Amélie Mauresmo
Ana Ivanovic
Andrea Jaeger
Andrea Petkovic
Angelique Kerber
Arantxa Sanchez
Aryna Sabalenka
Ashleigh Barty
Billie Jean King
Caroline Garcia
Caroline Wozniacki
Chris Evert
Coco Gauff
Dinara Safina
Dominika Cibulkova
Elena Dementieva
Elena Rybakina
Elina Svitolina
Evonne Goolagong
Garbine Muguruza
Hana Mandlikova
Helena Sukova
Iga Swiatek
Jasmine Paolini
Jelena Jankovic
Jennifer Capriati
Jessica Pegula
Justine Henin
Karolina Pliskova
Kiki Bertens
Kim Clijsters
Lindsay Davenport
Margaret Smith Court
Maria Sharapova
Marion Bartoli
Martina Hingis
Martina Navratilova
Mary Joe Fernandez
Mary Pierce
Monica Seles
Naomi Osaka
Ons Jabeur
Pam Shriver
Rosie Casals
Sara Errani
Serena Williams
Simona Halep
Steffi Graf
Venus Williams
Vera Zvonareva
Victoria Azarenka
Virginia Wade
 
Statistiques - réponses
Réponse % Correct
Serena Williams
71%
Coco Gauff
70%
Aryna Sabalenka
69%
Iga Swiatek
67%
Marion Bartoli
67%
Justine Henin
66%
Simona Halep
66%
Venus Williams
64%
Amélie Mauresmo
63%
Maria Sharapova
63%
Mary Pierce
63%
Naomi Osaka
60%
Steffi Graf
60%
Chris Evert
59%
Martina Navratilova
57%
Billie Jean King
53%
Victoria Azarenka
53%
Garbine Muguruza
51%
Margaret Smith Court
51%
Martina Hingis
51%
Ashleigh Barty
50%
Monica Seles
49%
Angelique Kerber
47%
Caroline Wozniacki
46%
Kim Clijsters
44%
Elena Rybakina
43%
Evonne Goolagong
37%
Jennifer Capriati
37%
Lindsay Davenport
37%
Arantxa Sanchez
36%
Ana Ivanovic
30%
Virginia Wade
20%
Hana Mandlikova
17%
Aucun quiz correspondant
Distribution des résultats
% des personnes avec chaque résultat
Percentile par nombre de réponses
Votre historique - résultats
Vous n’avez pas pris ce quiz